Ensayos

Đã lưu trong:
Chi tiết về thư mục
Định dạng: Sách
Ngôn ngữ:Tiếng Tây Ban Nha
Được phát hành: Santiago Del Pacífico 1952
Loạt:Colección de Autores Chilenos, 1
Những chủ đề:
Các nhãn: Thêm thẻ
Không có thẻ, Là người đầu tiên thẻ bản ghi này!

MARC

LEADER 00000nam a2200000 a 4500
001 UCL0657
003 CL-VaPUC
008 030801e19520000CL |||||||||||||||||spa|d
082 0 4 |a Ch864  |b MED  |2 21 
245 1 0 |a Ensayos 
300 |a 140 p 
942 |c BK 
945 |d 20030801 00:00:00  |a cmena 
260 |a Santiago  |b Del Pacífico  |c 1952 
650 0 |a Ensayos chilenos   |9 269132 
650 0 |a Literatura chilena   |9 308278 
583 |a last modification  |c 20030801 00:00:00  |k Rodrigo Vera 
490 0 |a Colección de Autores Chilenos, 1 
999 |c 304472  |d 304470 
952 |0 0  |1 0  |4 0  |6 CH_864_000000000000000_MED_1952  |7 0  |8 A  |9 366773  |a BIBHIS  |b BIBHIS  |d 2019-11-21  |i 3925404  |o Ch864 MED 1952  |p 3925404  |r 2025-01-20  |w 2019-11-21  |y BK  |k HIS